000
00285nam a22001097a 4500
008
230623b xxu||||| |||| 00| 0 eng d
082
_a
330.96
_b
HAN 1958
245
_a
African Economic Development
260
_a
London
_b
Oxford University Press
_c
1958
300
_a
X,307p
942
_2
ddc
_c
BK
999
_c
2542
_d
2542